Buddhist Paritta Chanting Ritual : (Record no. 47583)

000 -LEADER
fixed length control field 00722nam a22002057a 4500
005 - DATE AND TIME OF LATEST TRANSACTION
control field 20260213142010.0
008 - FIXED-LENGTH DATA ELEMENTS--GENERAL INFORMATION
fixed length control field 260213b ||||| |||| 00| 0 eng d
040 ## - CATALOGING SOURCE
Transcribing agency SSBUL
082 ## - DEWEY DECIMAL CLASSIFICATION NUMBER
Edition number 23
Classification number 294.3438 Pe
Item number 27632 S-KP
100 1# - MAIN ENTRY--PERSONAL NAME
Personal name Perera, G. Ariyapala, Dr.
9 (RLIN) 66272
245 10 - TITLE STATEMENT
Title Buddhist Paritta Chanting Ritual :
Remainder of title A Compurative study of the Buddhist Benedictory Ritual /
Statement of responsibility, etc. Dr. G. Ariyapala Perera.
260 ## - PUBLICATION, DISTRIBUTION, ETC.
Place of publication, distribution, etc. Dehiwela :
Name of publisher, distributor, etc. Buddhist Cultural Centre,
Date of publication, distribution, etc. 2000.
300 ## - PHYSICAL DESCRIPTION
Extent xiii, 239 pages ;
Dimensions 21 cm.
500 ## - GENERAL NOTE
General note Bibliography.
General note S-KP: Khamindra Phorn
504 ## - BIBLIOGRAPHY, ETC. NOTE
Bibliography, etc. note includes bibliographical references.
650 #0 - SUBJECT ADDED ENTRY--TOPICAL TERM
Topical term or geographic name entry element Buddhist chants
Geographic subdivision Sri Lanka
9 (RLIN) 13606
Topical term or geographic name entry element Buddhism
Geographic subdivision SriLanka
942 ## - ADDED ENTRY ELEMENTS (KOHA)
Source of classification or shelving scheme
Koha item type Book (Short term)
Holdings
Withdrawn status Lost status Source of classification or shelving scheme Damaged status Not for loan Collection code Permanent Location Current Location Shelving location Date acquired Total Checkouts Full call number Barcode Date last seen Price effective from Koha item type Accession
          Special Collections Shan State Buddhist University Library Shan State Buddhist University Library Special Collection Shelves 13/02/2026   294.3438 Pe 27632 S-KP EB00027632 13/02/2026 13/02/2026 Book (Short term) 27632 S-KP

Library - 09407999929
Admin Office - 09407999979
Dean Office - 09250910768
Registrar Office - 09892297154
Email - [email protected]
Shan State Buddhist University, Phaya Phyu Taunggyi, Shan State, Myanmar.